[Event "NED-ch 2007"]
[Site "Hilversum"]
[Date "2007.06.21"]
[Round "5"]
[White "L'Ami, Erwin"]
[Black "Tiviakov, Sergei"]
[Result "0-1"]
[WhiteElo "2617"]
[BlackElo "2663"]
[Annotator "Tiviakov"]
[PlyCount "94"]
[EventDate "2007.06.16"]
[Source "ChessBase"]
[SourceDate "2007.01.01"]

{This game from the 5th round of the Dutch Championship was very important for
me. I had had 4 draws in the first rounds of the tournament. I had fallen far
behind my rivals (L'Ami was the leader of the tournament with 3.5 points) and
badly needed a win in this game to be once again in the fight for the title of
the Dutch champion. Luckily there was a rest day before and I had been able to
look at all popular lines and be prepared for everything!  } 1. d4 Nf6 2. c4 e6
3. Nf3 b6 4. g3 Bb7 5. Bg2 Be7 6. O-O O-O 7. d5 {A lot of time was spent by me
analysing this sharp pawn sacrifice which had become very popular recently
with lot of games played in the tournament of all levels incl. the top ones.
This move has also been played against me 9 times, my overall score is +2 in
this system.} 7... exd5 (7... Na6 $5 {is an interesting move. I have tried it
4 times, although with correct play by White Black gets slightly worse and
passive position.}) 8. Nh4 c6 9. cxd5 Nxd5 10. Nf5 Nc7 11. e4 d5 12. Re1 (12.
Nc3 {is considered to be less dangerous for Black because of} 12... Bf6) 12...
Bf6 $5 {An interesting move. It seems that Black loses a tempo, after 13.e5
the black bishop has to return back to e7. The strategical idea of this move
is that after the centre has been closed the pressure is released and Black
can finish the development easier. Also White will be under strong presure to
conduct the attack on the Black king - if he fails to mate Black then he might
lose since he is a pawn down. These were exactly the reasons for which I had
chosen this move during my preparation.} (12... dxe4 {and}) (12... d4 {
are worthy alternatives to the text.}) 13. e5 ({After} 13. Nc3 Bc8 {Black doesn
't have much to worry about, he easily neutralizes White's initiative.}) 13...
Be7 (13... Bc8 $5 14. exf6 Bxf5 15. fxg7 Re8 {is also playable for Black. I
had spent lot of time analysing this position as well, but finally chose the
text.}) 14. Qg4 ({Instead of 14.Qg4 White had several interesting alternatives.
} 14. Nc3 {is one of them} 14... Bc8 15. Qg4 Bxf5 (15... g6 {
leads to the same position as 14.Qg4 g6 15.Nc3 Bc8}) 16. Qxf5 Ne6 17. f4 $44 {
with compensation}) (14. Bh6 $5 {is another interesting option, offered by
Yasser Seirawan, who analysed this move as a second of Viktor Korchnoi during
his match against Lev Polugaevsky in Buenos Aires 1980. The white initiative
seems to be dangerous but with correct play Black can neutralise it and get a
better position after} 14... gxh6 (14... Ne8 {is less clear, after} 15. Nxg7 (
15. Qg4 Bc8 16. Nxe7+ Qxe7 17. Qxc8 gxh6 $13 {is unclear}) (15. Bxg7 Nxg7 16.
Qg4 Bg5 17. Nxg7 Kxg7 18. f4 Bc8 (18... h6 19. h4 Bc8 20. f5 Nd7 21. Nd2 Kh7
22. hxg5 Qxg5 23. Qxg5 hxg5 24. Nf3 g4 25. Nd4 $44) 19. Qxg5+ Qxg5 20. fxg5 Na6
$15 {with better chances for Black in the ending.} (20... Nd7 $15) (20... Kg6
$5) (20... Be6 $5)) 15... Nxg7 16. Qg4 {
the position is on board, arising after 14.Qg4 Ne6 15.Ng7 Ng7 16.Bh6}) 15. Qg4+
Bg5 16. h4 Kh8 (16... Ne6 17. Nxh6+ (17. f4 $5 h5 18. Qxh5 Be7 19. Nh6+ Kg7 20.
f5 $44 {Seirawan}) 17... Kg7 18. Nf5+ Kh8 19. hxg5 $13 {is unclear (Seirawan)})
17. hxg5 (17. f4 Bf6 18. exf6 Qxf6 $17 {with advantage for Black.}) 17... Qxg5
$15 {with better chances for Black.}) 14... g6 ({After} 14... Ne6 15. Nxg7 Nxg7
16. Bh6 Bf6 17. exf6 Qxf6 18. Bd2 Bc8 (18... Qg6 $5 {deserves attention}) 19.
Qa4 Nd7 (19... Ne6 $5 {is interesting}) 20. Bc3 Qg6 21. Nd2 Nc5 22. Qa3 $44 {
White has a compensation for the sacrificed pawn} 22... Bf5 23. Nf3 Be4 24. Nh4
Qh5 25. f3 Bg6 26. Bf6 Rfe8 27. Qc3 Nge6 28. Qd2 d4 29. Re5 {1-0 Barlov Dragan
(SCG)-Perez Felipe Marcos Adrian (E/El Sauzal (Spain) 2006 (29)}) 15. Bh6 (15.
Nc3 {is an alternative to the text, although there is nothing wrong with the
bishop being developed to h6. After} 15... Bc8 16. Nxe7+ Qxe7 17. Qd1 Re8 {
the black position is OK.}) 15... Re8 (15... Bc8 $2 {loses an exchange after}
16. Nxe7+ Qxe7 17. Bxf8 $16 {with advantage for White}) 16. Nc3 $5 ({White in t
his critical position had a choice where to develop the knight on b1: to c3 or
d2, not an easy choice to make. After} 16. Nxe7+ Qxe7 17. Nd2 $44 {
White has some compensation for the pawn. For example,} (17. Nc3 Nba6 (17...
Nd7 18. Bg5 f6 19. Bxf6 Nxf6 20. exf6 Qxf6 21. Rad1 Rxe1+ 22. Rxe1 Rf8 23. Qe2
Re8 24. Qd2 Rxe1+ 25. Qxe1 Qe6 26. Qd2 Qe5 27. h4 Bc8 28. Ne2 c5 29. Nf4 d4 30.
Qc2 Bf5 31. Qa4 b5 32. Qxa7 d3 33. Qb8+ Kf7 34. Bf3 c4 35. Nd5 Qe1+ 36. Kg2
Nxd5 37. Bxd5+ Be6 38. Qc7+ Kf6 39. Qd8+ Kf7 40. Qd7+ Kf6 41. Qd8+ Kf7 42. Qd7+
Kf6 43. Qd8+ {
1/2-1/2 Stocek Jiri (CZE)-Oral Tomas (CZE)/Prague (Czech Republic) 2007 (43)})
18. Rad1 Ne6 19. Rd2 Nac7 20. h4 a5 21. Kh2 Bc8 22. Qd1 b5 23. f4 Ng7 24. Bg5
Qc5 25. Rc2 Qb6 26. Rd2 h5 27. Bf6 Bf5 28. Bxg7 Kxg7 29. Bh3 Bxh3 30. Kxh3 Ne6
31. f5 Nc5 32. Rf2 Nd3 33. Qxd3 Qxf2 34. Rf1 Qc5 35. Qf3 Qf8 36. Qf4 Kh7 37. g4
hxg4+ 38. Qxg4 Qg7 39. h5 gxh5 40. Qf4 Qg4+ 41. Qxg4 hxg4+ 42. Kxg4 Rxe5 43.
Kg5 Kg7 44. Kf4 {0-1 Ivanisevic,I-Zafirovski,M/Niksic 1997/CBM 059 ext (44)})
17... Bc8 18. Qe2 Nba6 19. h4 Nc5 20. Bg5 Qe6 21. Nf3 Qg4 22. Rad1 N7e6 23. Bf6
Ba6 24. Qd2 Qh5 25. Nh2 Qf5 26. Bf3 h5 27. g4 Qf4 28. gxh5 gxh5 29. Bxh5 Qxd2
30. Rxd2 Nf4 31. Bf3 Kh7 32. Ng4 Rg8 33. Kh2 Bc8 34. Bg5 Nh5 35. Nh6 {
1-0 Lieb,H-Helmsen,F/Plau am See 2004/EXT 2006 (35)}) ({After} 16. Ng7 Bc8 {
the knight on g7 is trapped and can't easily be freed. E.g.} 17. e6 (17. Qf3
Rf8 $15 {/\f5}) 17... Bxe6 18. Qf3 Rf8 19. Nxe6 fxe6 (19... Nxe6 20. Bxf8 Bxf8
$15) 20. Bxf8 Qxf8 $15 {with better chances for Black.}) 16... Bc8 17. Nxe7+
Qxe7 18. Qa4 ({I think,} 18. Qd1 $142 $44 {is better, since after the text
Black wins an important tempo, allowing him to drive the knight from an
excellent place on c3, where it attacks the pawn on d5, making thus the
development of the black pieces much more difficult.}) (18. Qf3 Nd7 {
is not good for White - the pawn on e5 is weak.}) 18... b5 $1 $146 ({
An important novelty, although} 18... Bd7 19. Rad1 Nba6 {
is quite playable as well.}) 19. Qd1 ({After} 19. Qa5 Nba6 {
Black is threatening to exchange the queens by Qe7-b4}) ({Or} 19. Qd4 Nd7 {
and Black is OK} (19... Ne6 $5 {followed by b4, deserves attention as well}))
19... b4 ({Driving away the knight from the c3 square, Black frees the knight
on c7, which defending the d5-pawn from possible sacrifices. But} 19... Nd7 $5
{deserved attention as well}) ({After} 19... Ne6 {although not losing, Black
has to be ready for the possible sacrifice on d5. After} 20. Nxd5 $140 cxd5 21.
Qxd5 Nc7 22. Qd6 Nba6 $13 {the game is unclear.}) 20. Ne2 Ne6 ({
It was possible to take the pawn on e5 by} 20... Qxe5 $5 {but after} 21. Qd2
$44 {White has a huge compensation for the 2nd pawn, and I thought that it
would be too much to play...}) ({But} 20... Nd7 $5 {
was a worthy alternative to the text.}) 21. f4 $6 ({This move is a mistake. In
any case White fails to create an attack on the kingside so he had to try to
create pressure on the black pawn on c6 and in the centre, preventing the
immediate development of the black pieces and the pawn advance in the centre.} 
21. Nd4 $142 Bb7 22. Rc1 $44 {was better}) ({Or} 21. Rc1 $142 $44 {
with some compensation for the pawn.}) 21... Nd7 22. Rc1 Bb7 23. Nd4 Rac8 {
Black has finished his development and is now ready to push his central pawns.}
24. Nf3 ({After} 24. Bh3 {Black plays} 24... a6 $5 $15 {
first, covering the square b5 and only after c6-c5 with better chances.}) 24...
c5 25. g4 $6 ({But this move is too slow. After the correct} 25. f5 $142 gxf5
26. Bh3 c4 ({or} 26... f6 $15) 27. Bxf5 f6 $15 {White is only slighly worse.})
25... c4 $1 {(/\Nec5-d3)} 26. f5 $6 ({Leading to a lost position.} 26. Rc2 $5
$17 {was more stubborn.}) 26... Nec5 {Threatening to win an exchange by Nc5-d3.
} 27. Qd2 ({Other moves also lose.} 27. Qd4 Nd3 $19) ({Or} 27. e6 fxe6 (27...
Nd3 $5 28. exd7 Qc5+ 29. Re3 (29. Be3 Rxe3 $19) 29... Rxe3 30. dxc8=Q+ Bxc8 31.
Kf1 Nxc1 32. Qxc1 Re8 $17) 28. fxe6 Nxe6 $19 {
with decisive advantage for Black.}) (27. Bg5 Qf8 $19) (27. Re3 Nd3 $19) 27...
Ne4 ({Playing safe, although it was better to win an exchange by} 27... Nd3
$142 $5 28. e6 Nxe1 29. exd7 (29. Rxe1 fxe6 30. Rxe6 (30. fxe6 Nc5 $19) 30...
Qc5+ $19) 29... Nxf3+ 30. Bxf3 Qxd7 $19 {with decisive advantage.}) 28. Qd4 ({
After} 28. Qe3 {Black gets a winning position after} 28... gxf5 ({both} 28...
Qc5 $19) ({and} 28... Nxe5 $19 {are also possible}) 29. gxf5 Nxe5 30. Nxe5 Qxe5
31. Qxa7 Rc6 $19) 28... Qc5 ({
Transposing into a won ending with an extra pawn. Although both} 28... gxf5 29.
gxf5 Nxe5 30. Nxe5 Qxe5 31. Qxa7 Rc6 $19) ({and} 28... Nxe5 29. Nxe5 Qxe5 30.
Qxa7 Ba8 $19 {were possible as well.}) 29. Be3 Qxd4 30. Bxd4 Ndc5 31. Red1 (31.
Rc2 Nd3 32. Rf1 $19) 31... a5 (31... Nd3 32. Rc2 (32. Rb1 a5 $19) 32... a5 $19
{was also possible.}) 32. Ne1 Nd7 33. Nf3 Bc6 34. h4 $138 Ba4 ({
Black doesn't need to complicate the matters. After} 34... gxf5 $6 35. gxf5 Ng3
36. Kf2 Nxf5 37. Bh3 Nxd4 38. Nxd4 Re7 39. Rg1+ Kh8 40. Rg3 $17 {
White gets some counterplay despite being 2 pawns down.}) 35. Re1 c3 $5 (35...
Ndc5 $19 {was also possible.}) 36. Ng5 (36. bxc3 Nxc3 $19) 36... Nxe5 37. Nxe4
dxe4 38. Bxe4 {Black has so many good possibilities to finish the game.} 38...
c2 ({Or} 38... Rc4 39. bxc3 bxc3 40. Bxc3 (40. Bf2 Nxg4 $19) 40... Nxg4 $19 {
winning.}) 39. Bxe5 (39. b3 Nf3+ 40. Bxf3 Rxe1+ 41. Rxe1 c1=Q 42. Rxc1 Rxc1+
43. Kf2 Bc6 $19) (39. fxg6 hxg6 40. b3 Nf3+ 41. Bxf3 Rxe1+ 42. Rxe1 c1=Q 43.
Rxc1 Rxc1+ 44. Kf2 Bc6 $19) 39... Rxe5 40. b3 Rce8 ({Or} 40... Bd7 $19) 41.
bxa4 Rxe4 42. Rxe4 Rxe4 {
The ending which has arisen is absolutely hopeless for White.
} 43. Rxc2 Rxg4+
44. Kh2 Rxh4+ 45. Kg3 g5 (45... Re4 46. f6 Re8 $19) 46. Rc5 Kg7 47. Rxa5 Rc4 {
The victory in this game allowed me to come closer to the leaders andeventually
become the Dutch champion for the 2nd time in a row!} 0-1

[Event "NED-ch 2007"]
[Site "Hilversum"]
[Date "2007.06.23"]
[Round "7"]
[White "L'Ami, Erwin"]
[Black "Stellwagen, Daniel"]
[Result "1/2-1/2"]
[WhiteElo "2617"]
[BlackElo "2600"]
[Annotator "L'Ami"]
[PlyCount "70"]
[EventDate "2007.06.16"]
[Source "ChessBase"]
[SourceDate "2007.01.01"]

{One of the crucial games of the championship, Daniel was leading me by a
point therefore a win would bring me back into the battle for first place.  } 
1. d4 d5 {A small surprise, for some reason I was expecting him to go for his
first love - the King's Indian. Daniel decides to continue the discussion he
started against me in this year's Bundesliga.  } 2. c4 c6 3. Nc3 Nf6 4. e3 e6
5. Nf3 Nbd7 6. Bd3 dxc4 7. Bxc4 b5 8. Bd3 Bb7 9. e4 b4 10. Na4 c5 11. e5 Nd5
12. Nxc5 Nxc5 13. dxc5 Bxc5 14. O-O Rc8 15. Qe2 $5 ({
Our previous game continued} 15. Ng5 Be7 16. Nxh7 g6 17. Bb5+ Bc6 18. Bxc6+
Rxc6 19. Qa4 Qd7 20. Nf6+ Nxf6 21. exf6 Bxf6 22. Qxb4 Rh4 23. Qb8+ Rc8 24. Qg3
Qc7 25. Be3 {and White was clearly better, although I failed to turn the
advantage into a win. (1/2-1/2 l'Ami-Stellwagen, Bundesliga 2006) As I was
pretty sure Daniel had done his homework I decided to try another set-up.})
15... h6 16. Bd2 Qb6 17. Rac1 Ke7 {Preparing Rhd8 and Kf8 when Black would
have an excellent position, White has to act fast now.  } 18. Qe4 $5 {
The opening has worked out well for Black. With my last move I give him the
option of either making a draw with 18...Rhd8 19.Qh7 Rh8 (I don't see anything
better then repeating moves, as 19.Qg4 Kf8 looks fine for Black) or to set the
board on fire...} 18... Ne3 {
I didn't expect anything else, the next few moves are forced.
} 19. Qh4+ g5
20. Nxg5 Nxg2 ({Instead} 20... hxg5 21. Qxg5+ Kd7 22. fxe3 $1 Rcg8 23. Rxf7+
Kc8 24. Qe7 $1 Rxg2+ 25. Kf1 {just wins for White.}) 21. Qh5 Rcf8 {The position
I had been aiming for, now I figured my next move to be more or less forced.}
22. Rxc5 ({This doesn't spoil the win but the computer immediately points out} 
22. Ne4 Rhg8 23. Kh1 $1 Rd8 24. Bxh6 $1 {and White wins in the attack:} 24...
Rxd3 25. Bg5+ Rxg5 ({neither} 25... Ke8 26. Nf6+ Kd8 27. Nxg8+ Kc8 28. f3) ({
nor} 25... Kf8 26. Qh6+ Ke8 27. Nf6+ Kd8 28. Nxg8+ Kc7 29. Qf8 Nf4+ 30. f3 {
offer Black a good defence either.}) 26. Qxg5+ Kf8 27. Qxg2 Bd4 28. f3 $16)
22... Qxc5 23. Rc1 Qb6 ({
The b-pawn is in need of protection, Black gets mated after} 23... Qxe5 24.
Bxb4+ Ke8 25. Qd1 $1 hxg5 26. Bb5+ Qxb5 27. Qd6 $18) 24. Be4 $2 ({
Based on a miscalculation, much better is} 24. Qg4 $1 a5 ({not} 24... hxg5 25.
Qxb4+ $1 Qxb4 (25... Kd8 26. Qa3 $1) 26. Bxb4+ Kd8 27. Ba5+ Kd7 28. Bb5+ Ke7
29. Rc7+ {which looks a bit uncomfortable for Black.}) 25. Be4 {(only now!)}
25... hxg5 26. Bxg5+ Ke8 27. Qxg2 Bxe4 28. Qxe4 {
and Black is on the verge of defeat.}) 24... hxg5 25. Bxg5+ Ke8 {In the previou
s line White could just take on g2 with the queen in this position. Now things
are pretty different.  } 26. Qd1 ({
Now White threatens 27.Rc8+ Bxc8 28.Bc6+ Qxc6 29.Qd8 mate.} 26. Qf3 f6 27. Bxb7
fxg5 28. Qxg2 Kd7 $1 {would be OK for Black.}) 26... Rfg8 $2 ({
Now it's Black turn to go wrong, White is in big trouble after} 26... f6 27.
Qa4+ Ke7 28. Rd1 Bd5 $1 {a continuation which we had both missed. After the
text move I considered the position to be winning but this assumption turned
out to be wrong.}) 27. Rc8+ $1 {Anyway.} 27... Bxc8 28. Bc6+ Kf8 29. Be7+ $1 {
Being two rooks down it's always nice to make such a move, unfortunately it's
not enough for a win.} 29... Kg7 {Taking would allow mate in 1 of course.
}
30. Qg4+ Kh6 31. Bf8+ $1 ({The 'kamikaze-bishop' does an excellent job! It
would not be funny to lose the game with} 31. Qh3+ Nh4+ 32. Kf1 Ba6+ 33. Ke1
Rg1+ 34. Kd2 Qd4+ 35. Kc2 Qd1#) 31... Rxf8 32. Qh3+ {
And the perpetual check is secured.} 32... Kg5 33. Qxg2+ Kf5 34. Qe4+ Kg5 35.
Qg2+ Kf5 {an interesting struggle!} 1/2-1/2